=LDR 00000nam 2200000 4500 =001 INLIS000000000005171 =005 20130612093428 =008 ***********************************Ind** =035 ##$$0010-061300000005171 =041 ##$$a Ind =082 ##$$a 658.81 =090 ##$$a 658.81, Rah m =100 ##$$a RAHMAN, Neil =245 ##$$a Membuat transaksi penjualan besar, Neil Rachman; Alih Bahasa, Anton Adiwijoyo =260 ##$$a 1997 $b Jakarta =300 ##$$a vii, 200 hlm, ilus, 23 cm =650 ##$$a Manajemen Penjualan =700 ##$$a ADIWIYOTO, Anton =850 ##$$a NBPNMAT